Nationalities of countries - Statistics

General Stats
  • This quiz has been taken 53 times
    50 since last reset
  • The average score is 18 of 40
Answer Stats
Country Nationality % Correct
Portugal Portuguese
80%
Philippines Filipino
78%
Oman Omani
78%
Antigua and Barbuda Antiguan
75%
Dominica Dominican
75%
Peru Peruvian
75%
Tajikistan Tajik
75%
Türkiye Turkish
75%
Mali Malian
73%
Bahrain Bahraini
68%
Sri Lanka Sri Lankan
68%
Brunei Bruneian
63%
Fiji Fijian
63%
Kyrgyzstan Kyrgyz
63%
Belize Belizean
58%
Trinidad and Tobago Trinidadian/Tobagoian
55%
Nauru Nauruan
48%
Saint Lucia Saint Lucian
48%
Palau Palauan
45%
Spain Spaniard
45%
Ghana Ghanaian
43%
Laos Laotian
43%
São Tomé and Príncipe Sao Tomean
38%
Madagascar Malagasy
33%
Benin Beninese
30%
Faroe Islands Faroese
30%
Luxembourg Luxembourger
30%
Niger Nigerien
30%
Solomon Islands Solomon Islander
30%
Panama Panamanian
28%
Kiribati Gilbertese
23%
Seychelles Seychellois
23%
East Timor East Timorese
20%
Equatorial Guinea Equatoguinean
20%
Saint Kitts and Nevis Kittitian/Nevisian
18%
San Marino Sammarinese
13%
Saint Vincent and The Grenadines Vincentian
13%
Lesotho Mosotho
8%
Vanuatu Ni-Vanuatu
3%
Vatican City Vanticanien
0%
No matching quizzes found
Score Distribution
Percent of People with Each Score
Percentile by Number Answered
Your Score History
You have not taken this quiz since the last reset